[Event "XX чемпионат ПФО по шах"]
[Site "Набережные Челн�"]
[Date "2022.03.22"]
[Round "3.19"]
[White "Мифтахова, Азалия."]
[Black "Камалиева, Азалия."]
[Result "0-1"]
[WhiteElo "1638"]
[BlackElo "1375"]
[PlyCount "64"]
[EventDate "2022.03.20"]

1. e4 d6 2. d4 Nf6 3. Nc3 c6 4. f4 Qa5 5. Bd3 e5 6. Nge2 Nbd7 7. O-O Be7 8. Kh1
O-O 9. Qe1 a6 10. Nd5 Qd8 11. Ne3 exd4 12. Nxd4 Re8 13. Nef5 Bf8 14. Qg3 Kh8
15. Re1 Nc5 16. e5 Nxd3 17. cxd3 Nh5 18. Qf3 g6 19. Bd2 dxe5 20. fxe5 c5 21.
Nd6 Bxd6 22. exd6 cxd4 23. Qxf7 Bd7 24. Rxe8+ Qxe8 25. Qd5 Qe6 26. Qxd4+ Qf6
27. Qb4 Ng7 28. Bc3 Qf7 29. Qd4 Rf8 30. Kg1 Bc6 31. Qh4 Qd5 32. Qg3 Kg8 0-1

[Event "XX чемпионат ПФО по шах"]
[Site "Набережные Челн�"]
[Date "2022.03.22"]
[Round "3.20"]
[White "Кантер, Елизавета."]
[Black "Каюмова, Карина."]
[Result "0-1"]
[WhiteElo "1272"]
[BlackElo "1290"]
[PlyCount "64"]
[EventDate "2022.03.20"]

1. d4 Nf6 2. Nf3 d5 3. c4 e6 4. g3 dxc4 5. Bg2 c5 6. O-O Be7 7. dxc5 Qxd1 8.
Rxd1 Bxc5 9. Ne5 O-O 10. Nc3 Nbd7 11. Nxc4 Rb8 12. Bf4 Ra8 13. Na5 e5 14. Bg5
Rb8 15. Rac1 h6 16. Bxf6 Nxf6 17. Nd5 Nxd5 18. Rxc5 Nb4 19. Rxe5 Nxa2 20. Rb5
Re8 21. Bd5 a6 22. Rb3 Rxe2 23. Kf1 Re5 24. Nc6 Rxd5 25. Rxd5 Be6 26. Nxb8 Bxd5
27. Rb6 Nc1 28. Nd7 Nb3 29. Ne5 Nd2+ 30. Ke2 Nb3 31. Ke3 f6 32. Nc4 Bc6 0-1

[Event "XX чемпионат ПФО по шах"]
[Site "Набережные Челн�"]
[Date "2022.03.22"]
[Round "3.21"]
[White "Чекина, Анастасия."]
[Black "Юсупова, Жизель."]
[Result "1/2-1/2"]
[WhiteElo "1452"]
[BlackElo "1368"]
[PlyCount "72"]
[EventDate "2022.03.20"]

1. d4 f5 2. c4 Nf6 3. e3 e6 4. Nc3 d5 5. Qc2 c6 6. Nf3 Bd6 7. b3 O-O 8. Bb2 b6
9. Bd3 Bb7 10. O-O Nbd7 11. cxd5 cxd5 12. Nb5 Rc8 13. Qe2 Bb8 14. Ba3 Re8 15.
Bd6 a6 16. Bxb8 Nxb8 17. Na3 Qd6 18. Nc2 Rc7 19. a3 Rec8 20. Nb4 a5 21. Nc2 Ne4
22. Ne5 Nd7 23. Nxd7 Qxd7 24. a4 Qe7 25. f3 Nd6 26. Rad1 Rc3 27. Na1 Qg5 28.
Qd2 Qd8 29. Rc1 Qc7 30. Rxc3 Qxc3 31. Qxc3 Rxc3 32. Rd1 Bc6 33. Kf2 b5 34. axb5
Bxb5 35. Bxb5 Nxb5 36. Ke2 Rc8 1/2-1/2

[Event "XX чемпионат ПФО по шах"]
[Site "Набережные Челн�"]
[Date "2022.03.22"]
[Round "3.22"]
[White "Гусейнова, Вусала."]
[Black "Юсупова, Адель."]
[Result "0-1"]
[WhiteElo "1211"]
[BlackElo "1328"]
[PlyCount "80"]
[EventDate "2022.03.20"]

1. d4 f5 2. Nf3 Nf6 3. Bf4 e6 4. h3 Be7 5. e3 O-O 6. Nbd2 h6 7. Bd3 d6 8. c3
Nbd7 9. Qb3 Nd5 10. Bh2 N7f6 11. O-O-O a5 12. Rdg1 a4 13. Qc2 a3 14. b3 b5 15.
Bxb5 Ba6 16. Bc6 Rb8 17. Nb1 Rb6 18. Bxd5 Nxd5 19. Ne1 c5 20. c4 Nb4 21. Qd2
cxd4 22. exd4 d5 23. c5 Qc8 24. Nxa3 Bxc5 25. dxc5 Qxc5+ 26. Kb2 Rc8 27. Nac2
Qa5 28. Nxb4 Rxb4 29. Nf3 Bc4 30. Rc1 Ra8 31. Kc2 Qxa2+ 32. Kd1 Bxb3+ 33. Ke1
Re4+ 34. Kf1 Bc4+ 35. Kg1 Re2 36. Qd4 Re4 37. Qc5 Qb2 38. Re1 Rxe1+ 39. Nxe1
Qe2 40. Qe3 Qf1# 0-1

[Event "XX чемпионат ПФО по шах"]
[Site "Набережные Челн�"]
[Date "2022.03.23"]
[Round "4.1"]
[White "Nasyrova, Ekaterina"]
[Black "Yakimova, Mariya"]
[Result "1-0"]
[WhiteElo "2109"]
[BlackElo "2198"]
[PlyCount "67"]
[EventDate "2022.03.20"]

1. d4 Nf6 2. Nf3 g6 3. Nc3 Bg7 4. e4 d6 5. h3 O-O 6. Be3 a6 7. a4 b6 8. Bc4 e6
9. d5 e5 10. O-O Nh5 11. a5 b5 12. Be2 Nd7 13. Na2 Nf4 14. c4 Nxe2+ 15. Qxe2 f5
16. cxb5 axb5 17. Nb4 fxe4 18. Nd2 Qh4 19. Qg4 Qxg4 20. hxg4 Nc5 21. Nc6 Bd7
22. Bxc5 dxc5 23. Nxe4 Bxc6 24. dxc6 c4 25. a6 Rfb8 26. Ra5 Rb6 27. Rfa1 Kf8
28. a7 Ke8 29. Ra6 Bf8 30. Nf6+ Kd8 31. Rd1+ Kc8 32. Rxb6 cxb6 33. Rd7 b4 34.
Nd5 1-0

[Event "XX чемпионат ПФО по шах"]
[Site "Набережные Челн�"]
[Date "2022.03.23"]
[Round "4.2"]
[White "Nur-Mukhametova, Alisa"]
[Black "Shukhman, Anna"]
[Result "1/2-1/2"]
[WhiteElo "2225"]
[BlackElo "2014"]
[PlyCount "74"]
[EventDate "2022.03.20"]

1. d4 f5 2. e4 fxe4 3. Nc3 Nf6 4. Bg5 g6 5. h4 d5 6. h5 Bf5 7. Bxf6 exf6 8. g4
Be6 9. hxg6 Qd7 10. g5 fxg5 11. Qh5 Bg7 12. gxh7+ Qf7 13. Qxg5 Bf6 14. Qf4 Bxd4
15. Qxf7+ Bxf7 16. O-O-O Nc6 17. Nge2 Bxf2 18. Nxd5 Kf8 19. Bg2 e3 20. Ndf4 Rd8
21. Bxc6 Rxd1+ 22. Kxd1 bxc6 23. Nd3 Bg6 24. Nxf2 exf2 25. Rf1 Rxh7 26. Rxf2+
Ke7 27. Kd2 c5 28. Nf4 Bf7 29. a3 Kd6 30. Kc3 Bd5 31. Rd2 c6 32. Rf2 Re7 33.
Nd3 Re6 34. Rf8 c4 35. Nf4 Re7 36. Rd8+ Kc5 37. a4 Re3+ 1/2-1/2

[Event "XX чемпионат ПФО по шах"]
[Site "Набережные Челн�"]
[Date "2022.03.23"]
[Round "4.3"]
[White "Kuznetsova, Polina"]
[Black "Goltseva, Ekaterina"]
[Result "0-1"]
[WhiteElo "1835"]
[BlackElo "2327"]
[PlyCount "120"]
[EventDate "2022.03.20"]

1. e4 e5 2. Nf3 Nc6 3. Bb5 a6 4. Ba4 Nf6 5. O-O Be7 6. Re1 b5 7. Bb3 d6 8. c3
O-O 9. h3 a5 10. d4 Bd7 11. a4 bxa4 12. Bxa4 exd4 13. cxd4 Nb4 14. Nc3 Bxa4 15.
Rxa4 Nd7 16. b3 Re8 17. Bb2 d5 18. Qd2 Nb6 19. Raa1 h6 20. e5 Qd7 21. Rec1 Reb8
22. Qd1 Rb7 23. Ne1 Qf5 24. Na4 Nd7 25. Rc3 Rab8 26. Nd3 Nxd3 27. Rxd3 Nf8 28.
Ba3 Bxa3 29. Rxa3 Ne6 30. Nc5 Nxc5 31. dxc5 c6 32. Rxa5 Qxe5 33. Ra6 Qc7 34.
Rg3 Rb4 35. Qa1 d4 36. Ra4 Qb7 37. Rd3 Rd8 38. Rxb4 Qxb4 39. Qc1 Rd5 40. Qf4
Qxc5 41. Qe4 Rd8 42. Qf4 Qb6 43. Rg3 c5 44. Qe5 g6 45. Qe4 Qd6 46. Qd3 Re8 47.
Qd2 Kg7 48. Rd3 Rb8 49. Rf3 Qe5 50. g3 Qe4 51. Qd1 Re8 52. Rd3 Rb8 53. Rf3 Rb4
54. Rd3 h5 55. h4 Rb7 56. Rf3 Ra7 57. Qd3 Ra1+ 58. Kg2 Qe1 59. Rxf7+ Kxf7 60.
Qf3+ Kg7 0-1

[Event "XX чемпионат ПФО по шах"]
[Site "Набережные Челн�"]
[Date "2022.03.23"]
[Round "4.4"]
[White "Matveeva, Olga"]
[Black "Nosacheva, Mariya"]
[Result "1-0"]
[WhiteElo "2171"]
[BlackElo "2244"]
[PlyCount "110"]
[EventDate "2022.03.20"]

1. d4 Nf6 2. c4 g6 3. g3 Bg7 4. Bg2 O-O 5. Nc3 d6 6. Nf3 Nbd7 7. O-O e5 8. e4
exd4 9. Nxd4 Re8 10. h3 a6 11. Be3 Rb8 12. Qc2 c5 13. Nde2 Ne5 14. b3 b5 15.
Rad1 Qe7 16. Bg5 Bb7 17. Nf4 Qd7 18. Nd3 Nxd3 19. Qxd3 b4 20. Qxd6 bxc3 21.
Bxf6 Qxd6 22. Rxd6 Bxe4 23. Rc1 Bxg2 24. Kxg2 Re2 25. Rxa6 Bxf6 26. Rxf6 Rxa2
27. Rxc3 Ra3 28. Rff3 h5 29. Rfe3 Kg7 30. Kf3 Kf6 31. Red3 Rb7 32. Ke4 Ke6 33.
g4 hxg4 34. hxg4 f6 35. Kf4 Kf7 36. g5 fxg5+ 37. Kxg5 Ra6 38. Rd5 Rab6 39. Rf3+
Kg7 40. Rxc5 Rxb3 41. Rf6 R3b6 42. Rcc6 Rxc6 43. Rxc6 Kh7 44. f4 Rf7 45. Rc5
Kg7 46. Kg4 Re7 47. Re5 Ra7 48. Kf3 Ra4 49. Rc5 Ra1 50. Rc6 Re1 51. c5 Kf7 52.
Rd6 g5 53. fxg5 Re5 54. g6+ Kg7 55. Rc6 Re1 1-0

[Event "XX чемпионат ПФО по шах"]
[Site "Набережные Челн�"]
[Date "2022.03.23"]
[Round "4.5"]
[White "Stakina, Melissa"]
[Black "Shafigullina, Zarina"]
[Result "0-1"]
[WhiteElo "1526"]
[BlackElo "2204"]
[PlyCount "102"]
[EventDate "2022.03.20"]

1. d4 Nf6 2. c4 e6 3. g3 c5 4. d5 exd5 5. cxd5 g6 6. Nc3 Bg7 7. Bg2 O-O 8. Nf3
Re8 9. O-O d6 10. Nd2 Nbd7 11. h3 Nh5 12. Nb5 Bf8 13. Nc4 Nb6 14. Nxb6 axb6 15.
g4 Ng7 16. e4 Bd7 17. Nc3 b5 18. Ne2 h5 19. g5 f5 20. Nf4 Kh7 21. f3 Be7 22. h4
Rf8 23. Bd2 b4 24. Qe2 Ra6 25. b3 Qa8 26. Be3 Ra5 27. Qd2 Qa6 28. Rf2 Bd8 29.
Bf1 b5 30. Nd3 Bb6 31. e5 f4 32. Nxf4 Nf5 33. Ng2 dxe5 34. Rc1 Qa7 35. Re1 Ra8
36. Qb2 Re8 37. Qd2 Ra3 38. Kh2 Nxe3 39. Nxe3 c4 40. Rfe2 c3 41. Qd3 Rxa2 42.
Nc2 Bf2 43. Rc1 Bxh4 44. Rg2 Qc5 45. d6 Bf5 46. Qxb5 Qxb5 47. Bxb5 Rb8 48. Ba4
Bxc2 49. Rgxc2 Rxc2+ 50. Rxc2 Bxg5 51. d7 Rb6 0-1

[Event "XX чемпионат ПФО по шах"]
[Site "Набережные Челн�"]
[Date "2022.03.23"]
[Round "4.6"]
[White "Vysotskaya, Anastasiya"]
[Black "Kalashnikova, Elena"]
[Result "0-1"]
[WhiteElo "2210"]
[BlackElo "1659"]
[PlyCount "42"]
[EventDate "2022.03.20"]

1. d4 Nf6 2. c4 e6 3. Nc3 Bb4 4. e3 O-O 5. Nge2 d5 6. cxd5 exd5 7. g3 Nbd7 8.
Bg2 Nb6 9. O-O a5 10. Qc2 c5 11. dxc5 Bxc5 12. Nxd5 Nbxd5 13. Qxc5 Nb4 14. Nf4
b6 15. Qc3 Ba6 16. Bxa8 Qxa8 17. Rd1 Qf3 18. Rd4 Ne4 19. Qe1 Nc2 20. Qd1 Qxf2+
21. Kh1 Ne1 0-1

[Event "XX чемпионат ПФО по шах"]
[Site "Набережные Челн�"]
[Date "2022.03.23"]
[Round "4.7"]
[White "Iljushina, Olga"]
[Black "Ivanova, Arina"]
[Result "1-0"]
[WhiteElo "2054"]
[BlackElo "1660"]
[PlyCount "69"]
[EventDate "2022.03.20"]

1. d4 d5 2. c4 c6 3. cxd5 cxd5 4. Nc3 Nf6 5. Bf4 Nc6 6. e3 a6 7. Rc1 Bg4 8. f3
Bh5 9. Qb3 Na5 10. Qa4+ Nc6 11. Bd3 e6 12. Nge2 Bg6 13. e4 Bb4 14. O-O Bxc3 15.
Rxc3 dxe4 16. fxe4 O-O 17. Bg5 b5 18. Qd1 Nxd4 19. Ng3 e5 20. Bxf6 gxf6 21. h4
h6 22. Bb1 Qb6 23. Kh2 Rad8 24. Qg4 Kh8 25. Nh5 Bxh5 26. Qxh5 Kh7 27. a3 Qe6
28. Ba2 Qe7 29. Rc7 Qxc7 30. Rxf6 Qc1 31. Rxf7+ Rxf7 32. Qxf7+ Kh8 33. Qf6+ Kh7
34. Qe7+ Kg6 35. Qf7# 1-0

[Event "XX чемпионат ПФО по шах"]
[Site "Набережные Челн�"]
[Date "2022.03.23"]
[Round "4.8"]
[White "Mullina, Almira"]
[Black "Sautina, Elizaveta"]
[Result "1-0"]
[WhiteElo "1304"]
[BlackElo "1629"]
[PlyCount "93"]
[EventDate "2022.03.20"]

1. e4 c5 2. Nf3 d6 3. d4 cxd4 4. Nxd4 Nf6 5. Nc3 g6 6. Be3 Bg7 7. f3 O-O 8. Qd2
Nc6 9. g4 Be6 10. O-O-O Nxd4 11. Bxd4 Qa5 12. Kb1 Rfe8 13. h4 h5 14. g5 Nd7 15.
Bxg7 Kxg7 16. Nd5 Qxd2 17. Rxd2 Bxd5 18. Rxd5 Rec8 19. Bh3 Rc7 20. Re1 Nb6 21.
Rd4 Rf8 22. f4 Rc5 23. Rg1 Nc4 24. Rg3 b5 25. c3 f6 26. b3 Nb6 27. f5 Nd7 28.
gxf6+ Rxf6 29. Rd1 Re5 30. Bg2 Nc5 31. Rd4 Kh6 32. b4 Na4 33. Rxg6+ Rxg6 34.
fxg6 Kxg6 35. Kc2 Re6 36. Bf1 a6 37. Bh3 Rf6 38. Bc8 Rf2+ 39. Rd2 Rf3 40. Rd3
Rf2+ 41. Kb3 Rf8 42. Bxa6 Rb8 43. Rd5 Rb6 44. Bxb5 Nc5+ 45. bxc5 Rxb5+ 46. Kc4
Rb8 47. cxd6 1-0

[Event "XX чемпионат ПФО по шах"]
[Site "Набережные Челн�"]
[Date "2022.03.23"]
[Round "4.9"]
[White "Nagaeva, Aliia"]
[Black "Chepovetskaya, Sofya"]
[Result "1-0"]
[WhiteElo "1680"]
[BlackElo "1369"]
[PlyCount "73"]
[EventDate "2022.03.20"]

1. e4 e6 2. d4 d5 3. Nc3 Nf6 4. e5 Nfd7 5. f4 c5 6. Nf3 Nc6 7. Be3 a6 8. Qd2 b5
9. dxc5 Bxc5 10. Bxc5 Nxc5 11. Nd4 Bd7 12. Nb3 Nxb3 13. axb3 O-O 14. Bd3 Qb6
15. Qf2 Qxf2+ 16. Kxf2 Nb4 17. Ne2 f6 18. exf6 Rxf6 19. Ke3 Re8 20. Rhf1 e5 21.
fxe5 Rxe5+ 22. Kd2 Rh6 23. h3 Nxd3 24. cxd3 Rhe6 25. Rf2 b4 26. Nd4 Rg6 27. Rc1
Rg3 28. Rc7 Be8 29. Nf5 Rxf5 30. Rxf5 Rxg2+ 31. Ke3 g6 32. Rf2 Rg3+ 33. Rf3 d4+
34. Ke4 Rxf3 35. Kxf3 Bf7 36. Ke4 Be6 37. h4 1-0

[Event "XX чемпионат ПФО по шах"]
[Site "Набережные Челн�"]
[Date "2022.03.23"]
[Round "4.10"]
[White "Aminova, Zarina"]
[Black "Maltseva, Elizaveta"]
[Result "1-0"]
[WhiteElo "1393"]
[BlackElo "1547"]
[PlyCount "87"]
[EventDate "2022.03.20"]

1. d4 Nf6 2. c4 e6 3. Nf3 Bb4+ 4. Bd2 a5 5. a3 Bxd2+ 6. Qxd2 O-O 7. Nc3 b6 8.
g3 Ba6 9. b3 d5 10. Bg2 c6 11. Ne5 Nfd7 12. cxd5 Nxe5 13. dxe5 exd5 14. O-O Nd7
15. f4 Qe7 16. Rfe1 Nc5 17. Qc2 Bb7 18. Red1 Rad8 19. Kh1 Ne6 20. Qd2 f6 21.
exf6 Qxf6 22. b4 d4 23. Ne4 Qf5 24. Nf2 Ba8 25. e4 Qh5 26. Qa2 Qf7 27. bxa5 b5
28. Rac1 c5 29. f5 c4 30. fxe6 Qxf2 31. Qxf2 Rxf2 32. e7 Re8 33. Rxd4 Rxe7 34.
a4 b4 35. Rdxc4 b3 36. Rc8+ Kf7 37. Rxa8 b2 38. Rb1 Rc7 39. Rd8 Rc1+ 40. Rd1
Rxb1 41. Rxb1 Rc2 42. Bf1 Rc1 43. Rxb2 Rxf1+ 44. Kg2 1-0

[Event "XX чемпионат ПФО по шах"]
[Site "Набережные Челн�"]
[Date "2022.03.23"]
[Round "4.11"]
[White "Galieva, Alina"]
[Black "Ivanaeva, Alina"]
[Result "0-1"]
[WhiteElo "1272"]
[BlackElo "1871"]
[PlyCount "100"]
[EventDate "2022.03.20"]

1. c4 c5 2. Nc3 Nc6 3. g3 g6 4. Bg2 Bg7 5. e3 e5 6. Nf3 Nge7 7. O-O O-O 8. d3
d5 9. cxd5 Nxd5 10. Nxd5 Qxd5 11. Nd4 Qd6 12. Nxc6 bxc6 13. Qa4 Bd7 14. Rd1
Rfb8 15. Rb1 Rb4 16. Qc2 Bg4 17. Rd2 Rd8 18. b3 Bf5 19. Be4 Be6 20. Ba3 Rxe4
21. Bxc5 Qd5 22. f3 Rxe3 23. Bxe3 Qxf3 24. Bg5 Rd7 25. Rf1 Qg4 26. Be3 Bd5 27.
Qd1 Qh3 28. Qe2 h5 29. Bg5 Rd6 30. Be7 Re6 31. Bg5 f6 32. Be3 h4 33. Qf2 hxg3
34. Qxg3 Qh5 35. h3 f5 36. Bg5 f4 37. Qh4 Qxh4 38. Bxh4 Bh6 39. Rdd1 g5 40. Bf2
a6 41. Kh2 Kf7 42. Rc1 Bf8 43. Rg1 Be7 44. Bc5 Bd8 45. Rce1 Kf6 46. h4 Kf5 47.
Kh3 Rh6 48. Bf2 Bf3 49. Kh2 g4 50. Rc1 Bxh4 0-1

[Event "XX чемпионат ПФО по шах"]
[Site "Набережные Челн�"]
[Date "2022.03.23"]
[Round "4.12"]
[White "Tabermakova, Leila"]
[Black "Tazetdinova, Adelya"]
[Result "1/2-1/2"]
[WhiteElo "1591"]
[BlackElo "1490"]
[PlyCount "82"]
[EventDate "2022.03.20"]

1. e4 c6 2. d4 d5 3. exd5 cxd5 4. Bd3 Nc6 5. c3 Nf6 6. Bf4 Bg4 7. Qb3 Qb6 8.
Nd2 e6 9. Ngf3 Be7 10. O-O O-O 11. Rfe1 Bh5 12. Ng5 Bg6 13. Bxg6 hxg6 14. Ndf3
Qa6 15. a4 Qc4 16. Nd2 Qxb3 17. Nxb3 b6 18. h3 a6 19. Nd2 b5 20. b4 Rfc8 21.
Nb3 Nd7 22. a5 e5 23. Bd2 Bxg5 24. Bxg5 exd4 25. Nxd4 Nxd4 26. cxd4 Rc4 27. Re7
Nf8 28. Rae1 Ne6 29. Be3 Rxb4 30. Rd7 Rd8 31. Rxd8+ Nxd8 32. Bd2 Rxd4 33. Re8+
Kh7 34. Rxd8 Rxd2 35. Rd6 Rd1+ 36. Kh2 Ra1 37. Rxa6 d4 38. Rd6 Rxa5 39. Rxd4
Ra3 40. Rd7 f6 41. Rb7 Rb3 1/2-1/2

[Event "XX чемпионат ПФО по шах"]
[Site "Набережные Челн�"]
[Date "2022.03.23"]
[Round "4.13"]
[White "Sirotkina, Elizaveta"]
[Black "Mokeeva, Zlata"]
[Result "1-0"]
[WhiteElo "1269"]
[BlackElo "1265"]
[PlyCount "148"]
[EventDate "2022.03.20"]

1. d4 d5 2. Bf4 e6 3. Nf3 Nf6 4. e3 Bd6 5. Bg3 c5 6. c3 Qc7 7. Nbd2 Nbd7 8. Bd3
O-O 9. Bxd6 Qxd6 10. O-O e5 11. dxe5 Nxe5 12. Nxe5 Qxe5 13. Nf3 Qe7 14. h3 Bd7
15. Qc2 Bc6 16. Rfe1 Rad8 17. Rad1 Rd6 18. Qe2 a6 19. a3 Ne4 20. c4 Rfd8 21.
Qc2 h6 22. b3 R6d7 23. Rc1 dxc4 24. Bxc4 Nd2 25. Nxd2 Rxd2 26. Qf5 R8d6 27. Be2
Rg6 28. g3 b6 29. Rcd1 Bd7 30. Qf4 Qd6 31. Qxd6 Rgxd6 32. Rxd2 Rxd2 33. Bxa6
Bxh3 34. Bc4 Be6 35. Bxe6 fxe6 36. Rb1 Ra2 37. a4 Kf7 38. Kg2 Kf6 39. Kf3 Ke5
40. Rd1 Ra3 41. Rb1 Kf5 42. Rb2 h5 43. Ke2 g5 44. f3 g4 45. e4+ Ke5 46. fxg4
hxg4 47. Kd3 Ra1 48. Kc4 Kd6 49. Kb5 Kc7 50. e5 Rd1 51. Rh2 Rd3 52. Rh7+ Kd8
53. Kxb6 Rxb3+ 54. Kxc5 Rxg3 55. Kd6 Rd3+ 56. Kxe6 Ra3 57. Kd6 Ke8 58. Rh8+ Kf7
59. e6+ Kf6 60. Rf8+ Kg7 61. Rf4 g3 62. e7 Rd3+ 63. Ke6 Re3+ 64. Kd7 Rd3+ 65.
Ke8 Ra3 66. Rg4+ Kh7 67. Kf7 Rf3+ 68. Ke6 Re3+ 69. Kf6 Rf3+ 70. Ke6 Re3+ 71.
Kd6 Rd3+ 72. Kc7 Re3 73. Kd7 Rd3+ 74. Ke8 Ra3 1-0

[Event "XX чемпионат ПФО по шах"]
[Site "Набережные Челн�"]
[Date "2022.03.23"]
[Round "4.14"]
[White "Kulkova, Dina"]
[Black "Sosnina, Nadezhda"]
[Result "1-0"]
[WhiteElo "1501"]
[BlackElo "1623"]
[PlyCount "89"]
[EventDate "2022.03.20"]

1. c4 e5 2. g3 Nf6 3. Bg2 d6 4. Nc3 g6 5. e4 Bg7 6. Nge2 h5 7. h3 h4 8. g4 Nh7
9. d3 Ng5 10. Nd5 Na6 11. Bd2 c6 12. Ndc3 Qf6 13. f4 Nc5 14. Qc2 exf4 15. Bxf4
Nce6 16. Bd2 Nf3+ 17. Bxf3 Qxf3 18. O-O-O Nc5 19. d4 Nd3+ 20. Kb1 Nb4 21. Qb3
a5 22. a3 Qd3+ 23. Kc1 c5 24. Nf4 a4 25. Qxb4 Qxd2+ 26. Rxd2 cxb4 27. axb4 a3
28. bxa3 Bh6 29. Rf2 Rxa3 30. Kb2 Ra6 31. Nfd5 O-O 32. Rhf1 Bg5 33. Ne2 Be6 34.
Nc7 Bxc4 35. Nxa6 Bxa6 36. Rd1 Be3 37. Rg2 Rc8 38. Nc3 Bc4 39. Nd5 Bxd5 40.
exd5 Rc4 41. Kb3 b5 42. Rc2 Rxd4 43. Rxd4 Bxd4 44. Rc8+ Kg7 45. Rb8 1-0

[Event "XX чемпионат ПФО по шах"]
[Site "Набережные Челн�"]
[Date "2022.03.23"]
[Round "4.15"]
[White "Maltseva, Aleksandra"]
[Black "Puzyreva, Veronika"]
[Result "1-0"]
[WhiteElo "1498"]
[BlackElo "1475"]
[PlyCount "75"]
[EventDate "2022.03.20"]

1. e4 c5 2. Nf3 d6 3. d4 cxd4 4. Nxd4 Nf6 5. Nc3 a6 6. Bg5 e6 7. Be2 Be7 8. Qd2
b5 9. a3 Bb7 10. f3 Nbd7 11. O-O O-O 12. Kh1 Rc8 13. Be3 Nb6 14. Na2 Nc4 15.
Bxc4 Rxc4 16. Nb4 Qb8 17. Nd3 Nd7 18. b3 Rcc8 19. a4 bxa4 20. Rxa4 d5 21. exd5
Bxd5 22. Rxa6 Nc5 23. Raa1 Nxd3 24. Qxd3 Rfd8 25. Rad1 Bb7 26. Qe2 Rd5 27. f4
Bc5 28. c4 Ba6 29. Qg4 Rd6 30. f5 exf5 31. Nxf5 Rg6 32. Qf4 Qa8 33. Rd2 Bb7 34.
Rg1 Rd8 35. Bxc5 Bxg2+ 36. Rdxg2 Rxg2 37. Rxg2 Rd1+ 38. Bg1 1-0

[Event "XX чемпионат ПФО по шах"]
[Site "Набережные Челн�"]
[Date "2022.03.23"]
[Round "4.17"]
[White "Kayumova, Karina"]
[Black "Yusupova, Adel"]
[Result "0-1"]
[WhiteElo "1290"]
[BlackElo "1328"]
[PlyCount "80"]
[EventDate "2022.03.20"]

1. e4 c5 2. Nf3 Nc6 3. d4 cxd4 4. Nxd4 Nf6 5. Nc3 e5 6. Ndb5 d6 7. Bg5 a6 8.
Na3 b5 9. Nd5 Be7 10. Bxf6 Bxf6 11. c3 O-O 12. Be2 Bg5 13. Nc2 Ne7 14. Ncb4 a5
15. Nxe7+ Qxe7 16. Nd5 Qb7 17. O-O Rb8 18. Qd3 f5 19. Bf3 Be6 20. Rfd1 f4 21.
Be2 Bd8 22. f3 g5 23. Kh1 h5 24. h3 Qd7 25. Kh2 Kf7 26. Rf1 Rh8 27. Kh1 Bxh3
28. gxh3 Qxh3+ 29. Kg1 Qg3+ 30. Kh1 g4 31. Nxf4 exf4 32. Qd5+ Kg7 33. Qd4+ Bf6
34. Qxd6 Qh3+ 35. Kg1 g3 36. Qc7+ Kg6 37. Rf2 gxf2+ 38. Kxf2 Qh2+ 39. Ke1 Qg1+
40. Kd2 Qxa1 0-1

[Event "XX чемпионат ПФО по шах"]
[Site "Набережные Челн�"]
[Date "2022.03.23"]
[Round "4.20"]
[White "Kamalieva, Azaliya"]
[Black "Chekina, Anastasiia"]
[Result "0-1"]
[WhiteElo "1375"]
[BlackElo "1452"]
[PlyCount "85"]
[EventDate "2022.03.20"]

1. d4 Nf6 2. Nc3 d5 3. Bg5 c5 4. Bxf6 gxf6 5. e3 e6 6. Nge2 Nc6 7. g3 Qb6 8.
Rb1 cxd4 9. exd4 Bb4 10. Qd3 Bd7 11. Bg2 Bxc3+ 12. Qxc3 Rc8 13. Qd2 Na5 14. c3
Nc4 15. Qc2 Qa6 16. Ra1 Ba4 17. b3 Na3 18. Qb2 Bb5 19. Bf3 Qa5 20. O-O Bxe2 21.
Bxe2 Rxc3 22. Rac1 Rxc1 23. Rxc1 O-O 24. Rc5 Qb4 25. Qc1 b6 26. Rc7 Nb5 27.
Bxb5 Qxb5 28. Rxa7 Qd3 29. Qf4 Qg6 30. h3 Rc8 31. Kg2 Rc2 32. h4 Qe4+ 33. Qxe4
dxe4 34. Kf1 b5 35. Ra5 b4 36. Ke1 Kg7 37. Rb5 Rxa2 38. Rxb4 Kg6 39. Rb8 Rb2
40. b4 Kf5 41. b5 Kg4 42. b6 Kf3 43. Rf8 0-1

[Event "XX чемпионат ПФО по шах"]
[Site "Набережные Челн�"]
[Date "2022.03.23"]
[Round "4.21"]
[White "Yusupova, Zhizel"]
[Black "Korotaeva, Polina"]
[Result "0-1"]
[WhiteElo "1368"]
[BlackElo "1196"]
[PlyCount "64"]
[EventDate "2022.03.20"]

1. d4 Nf6 2. c4 e6 3. g3 Bb4+ 4. Bd2 Qe7 5. Bg2 Bxd2+ 6. Nxd2 Nc6 7. Ngf3 d5 8.
O-O O-O 9. Rc1 Re8 10. Re1 Bd7 11. e4 dxc4 12. Nxc4 Rad8 13. d5 Nb8 14. d6 cxd6
15. Nxd6 Bc6 16. e5 Ne4 17. Rxc6 Nxc6 18. Rxe4 Rd7 19. Qa4 Red8 20. Nxb7 Rxb7
21. Qxc6 Rxb2 22. a4 Rb1+ 23. Re1 Rb2 24. h4 h6 25. Rc1 Ra2 26. Qc4 Ra3 27. Nd4
Qd7 28. Bc6 Qxd4 29. Qb5 Rxg3+ 30. Bg2 Rd3 31. Rc4 Qa1+ 32. Kh2 R3d4 0-1

[Event "XX чемпионат ПФО по шах"]
[Site "Набережные Челн�"]
[Date "2022.03.23"]
[Round "4.22"]
[White "Kanter, Elizaveta"]
[Black "Miftakhova, Azalia"]
[Result "0-1"]
[WhiteElo "1272"]
[BlackElo "1638"]
[PlyCount "44"]
[EventDate "2022.03.20"]

1. d4 Nf6 2. Nf3 e6 3. g3 b5 4. Bg2 Bb7 5. O-O Be7 6. b3 d5 7. c4 bxc4 8. bxc4
dxc4 9. Qa4+ Nbd7 10. Qxc4 O-O 11. Nc3 c5 12. Rd1 Rc8 13. Rb1 Bc6 14. Bf4 cxd4
15. Qxd4 Qa5 16. Ne5 Nxe5 17. Bxe5 Rfd8 18. Qf4 Nd7 19. Bxc6 Nxe5 20. Rxd8+
Rxd8 21. Rb5 Qxc3 22. Qxe5 Qxc6 0-1

[Event "XX чемпионат ПФО по шах"]
[Site "Набережные Челн�"]
[Date "2022.03.24"]
[Round "5.1"]
[White "Goltseva, Ekaterina"]
[Black "Nasyrova, Ekaterina"]
[Result "1/2-1/2"]
[WhiteElo "2327"]
[BlackElo "2109"]
[PlyCount "120"]
[EventDate "2022.03.20"]

1. d4 d5 2. c4 e6 3. Nf3 Nf6 4. g3 Bb4+ 5. Bd2 Bd6 6. Bg2 O-O 7. O-O Nbd7 8. c5
Be7 9. Nc3 c6 10. Qc2 b6 11. b4 a5 12. a3 Ba6 13. Rfe1 Bc4 14. Bf4 Nh5 15. Nd2
Nxf4 16. gxf4 b5 17. e4 Nf6 18. Nxc4 bxc4 19. exd5 axb4 20. axb4 Rxa1 21. Rxa1
Nxd5 22. Nxd5 exd5 23. b5 cxb5 24. Qf5 Bf6 25. Rd1 c3 26. Bxd5 g6 27. Qe4 Re8
28. Qf3 b4 29. Bb3 Qc7 30. Kg2 Kg7 31. h3 Re7 32. Kf1 h5 33. Kg2 Qa5 34. Qd5
Qa6 35. Bc4 Qa3 36. Bb3 Qa6 37. Bc4 Qa7 38. Bb3 Qc7 39. Qf3 Kh6 40. f5 g5 41.
Qa8 Kg7 42. Qf3 h4 43. Qd5 Qa5 44. Re1 Qc7 45. Rxe7 Qxe7 46. Kf1 Qa7 47. Qc4 g4
48. hxg4 h3 49. Kg1 Qc7 50. f4 Qe7 51. Kh2 Kh8 52. g5 Qe3 53. Qf1 Bg7 54. Qxh3+
Qxh3+ 55. Kxh3 Bxd4 56. f6 Be3 57. Kg4 Bd4 58. Kh5 Kg8 59. Kh6 Kf8 60. Bc2 Be3
1/2-1/2

[Event "XX чемпионат ПФО по шах"]
[Site "Набережные Челн�"]
[Date "2022.03.24"]
[Round "5.2"]
[White "Shukhman, Anna"]
[Black "Matveeva, Olga"]
[Result "1-0"]
[WhiteElo "2014"]
[BlackElo "2171"]
[PlyCount "159"]
[EventDate "2022.03.20"]

1. e4 e6 2. d4 d5 3. Nc3 Nf6 4. e5 Nfd7 5. f4 c5 6. Nf3 Nc6 7. Be3 cxd4 8. Nxd4
Bc5 9. Qd2 O-O 10. O-O-O a6 11. h4 Nxd4 12. Bxd4 b5 13. Rh3 b4 14. Na4 Bxd4 15.
Qxd4 a5 16. Bb5 Rb8 17. Bd3 Qc7 18. Re1 Qc6 19. b3 Ba6 20. Bxa6 Qxa6 21. f5
exf5 22. Qxd5 Nb6 23. Nxb6 Rxb6 24. Rf3 Rb5 25. Qd7 Qh6+ 26. Kb1 Qxh4 27. g3
Qg4 28. Rxf5 Qxg3 29. Re4 Rc5 30. Qe7 Qc3 31. Rf2 Rc7 32. Qd6 Rc6 33. Qd7 Rg6
34. Rf1 Qc6 35. Qf5 Qe6 36. Qf3 h6 37. a3 bxa3 38. Ka2 Rg5 39. Rfe1 Rc8 40.
R1e2 a4 41. Rxa4 Rxe5 42. Ra8 Rxe2 43. Rxc8+ Qxc8 44. Qxe2 Qa8 45. c4 g6 46. c5
h5 47. Qc4 Qc6 48. b4 g5 49. b5 Qg2+ 50. Kxa3 h4 51. c6 h3 52. c7 Qa8+ 53. Kb3
Qc8 54. Qc5 g4 55. Qd6 Kg7 56. b6 h2 57. Qxh2 Qe6+ 58. Ka4 Qc6+ 59. Ka5 Qd5+
60. Kb4 Qd4+ 61. Ka3 Qc5+ 62. Ka2 Qa5+ 63. Kb1 Qe1+ 64. Kb2 Qb4+ 65. Kc1 Qe1+
66. Kc2 Qe4+ 67. Kc3 Qe3+ 68. Kc4 Qe4+ 69. Kc5 Qe3+ 70. Kc6 Qe4+ 71. Kd7 Qe6+
72. Kd8 Qxb6 73. Qe5+ f6 74. Qe7+ Kg6 75. Ke8 Qc6+ 76. Kf8 Kf5 77. Qd8 Qc5+ 78.
Kg7 Qa7 79. Qd7+ Kf4 80. c8=Q 1-0